Dílo Jiřího Ortena. Poesie / Jiří Orten ; [v uspořádání a s edičním doslovem Václava Černého]
Record details
- Physical Description: 447 s. ; 21 cm
- Edition: 1. vyd.
- Publisher: V Praze : Václav Petr, 1947
Content descriptions
| General Note: | Frontispis - portrét autora |
Search for related items by subject
| Genre: | česká poezie |
Available copies
- 1 of 1 copy available at Common Catalog SPOK.
Holds
- 0 current holds with 1 total copy.
Show All Copies
| Location | Call Number / Copy Notes | Barcode | Shelving Location | Status | Due Date |
|---|---|---|---|---|---|
| KDS Library | 830 OrJ | 204576801776 | Library | Available | - |
| LDR | 01006cam a2200313 a 4500 | ||
|---|---|---|---|
| 001 | 21412 | ||
| 003 | CZ-PrJAB | ||
| 005 | 20150714100521.0 | ||
| 007 | ta | ||
| 008 | 021120s1947 xr c e 000 p cze d | ||
| 020 | . | ‡q(Váz.) : ‡c135.00 Kč | |
| 035 | . | ‡a(CZ PrSKC)0446042 | |
| 040 | . | ‡aNAG502 ‡bcze ‡dCBA001 | |
| 072 | 7. | ‡a821.162.3-1 ‡xČeská poezie ‡2Konspekt ‡925 | |
| 080 | . | ‡a821.162.3-1 ‡2MRF | |
| 080 | . | ‡a(0:82-1) ‡2MRF | |
| 100 | 1 | . | ‡aOrten, Jiří, ‡d1919-1941 ‡7jk01091274 ‡4aut |
| 245 | 1 | 0. | ‡aDílo Jiřího Ortena. ‡pPoesie / ‡cJiří Orten ; [v uspořádání a s edičním doslovem Václava Černého] |
| 246 | 3 | 0. | ‡aPoesie |
| 250 | . | ‡a1. vyd. | |
| 260 | . | ‡aV Praze : ‡bVáclav Petr, ‡c1947 | |
| 300 | . | ‡a447 s. ; ‡b21 cm | |
| 500 | . | ‡aFrontispis - portrét autora | |
| 655 | 7. | ‡ačeská poezie ‡7fd133958 ‡2czenas | |
| 700 | 1 | . | ‡aČerný, Václav, ‡d1905-1987 ‡7jk01021636 ‡4aui |
| 900 | . | ‡aCBA001 ‡b14 | |
| 910 | . | ‡aABE463 | |
| 998 | . | ‡a003754035 | |
| 901 | . | ‡a21412 ‡b ‡c21412 ‡tbiblio | |